| 000 | 00913nmm a2200277 a 4500 | ||
|---|---|---|---|
| 001 | ocm0001520798 | ||
| 003 | TR-IsHL | ||
| 005 | 20201028163449.0 | ||
| 008 | 170206s2015 tu tur | ||
| 007 | cr cn | ||
| 020 | _a9786051624808 | ||
| 035 |
_a1520798 _b(N$T) |
||
| 050 | 0 | 4 |
_aPL230 _b.S49 2015 |
| 090 | 0 | 4 |
_aPL230 _b.S49 2015 |
| 100 | 1 | _aSezgin, Gülsüm | |
| 245 | 1 | 0 |
_aİkizlerin umre günlüğü: Ali'nin mekke günlüğü _h[electronic resource] / _cGülsüm Sezgin ; resimleyen Erkan Bastem |
| 260 |
_aİstanbul : _bNesil Yayınları, _c2015 |
||
| 300 | _a137 p. | ||
| 650 | 4 | _aDil ve Edebiyat | |
| 650 | 4 | _aLanguage and Literature | |
| 650 | 0 | _aÇocuk edebiyatı | |
| 650 | 0 | _aChildren literature | |
| 650 | 7 |
_aJUVENILE FICTION / General _2bisacsh |
|
| 700 | 1 | _aBastem, Erkan | |
| 856 | 4 | 0 | _uhttp://search.ebscohost.com/login.aspx?direct=true&scope=site&db=e011xww&AN=1520798 |
| 999 |
_c15344 _d15344 |
||